Cities and human capital

Mestá sú centrami vzdelaných ľudí, pracujúcich v high-tech firmách a firmách, ktoré ponúkajú poznatkovo-intenzívne služby. Význam miest pre hospodársky rast a rozvoj regiónov. Analýza ľudského kapitálu a jeho významu v slovenských mestách.

Na minha lista:
Detalhes bibliográficos
Autor principal: Rafaj, Oliver, 1989-
Formato: Capítulo de Livro
Idioma:inglês
Assuntos:
Tags: Adicionar Tag
Sem tags, seja o primeiro a adicionar uma tag!

MARC

LEADER 00000nla a2200000 4500
001 0224049
005 20260326124250.7
041 0 |a eng 
044 |a SK 
245 1 0 |a Cities and human capital  |c Oliver Rafaj 
520 |a Mestá sú centrami vzdelaných ľudí, pracujúcich v high-tech firmách a firmách, ktoré ponúkajú poznatkovo-intenzívne služby. Význam miest pre hospodársky rast a rozvoj regiónov. Analýza ľudského kapitálu a jeho významu v slovenských mestách. 
610 2 0 |a mestá 
610 2 0 |a kapitál ľudský 
610 2 0 |a vedomosti 
610 2 0 |a zručnosti 
610 2 0 |a služby poznatkovo intenzívne 
610 2 0 |a rast hospodársky 
610 2 0 |a rozvoj regionálny 
610 2 0 |a Slovensko 
100 1 |a Rafaj, Oliver, 1989-